[Event "Gibraltar U12 op"]
[Site "Caleta"]
[Date "2017.08.18"]
[Round "2"]
[White "Casado Alcoba, Alejandro"]
[Black "Khoo Thwe, Louis"]
[Result "0-1"]
[WhiteElo "1331"]
[BlackElo "1594"]
[PlyCount "38"]
[EventDate "2017.08.18"]
[EventType "swiss"]
[EventRounds "6"]
[EventCountry "GGB"]
[SourceTitle "CBM 180 Extra"]
[Source "ChessBase"]
[SourceDate "2017.10.06"]
[SourceVersion "1"]
[SourceVersionDate "2017.10.06"]
[SourceQuality "1"]

1. e4 e5 2. Nf3 Nc6 3. Bc4 Bc5 4. c3 Nf6 5. d4 exd4 6. cxd4 Bb4+ 7. Bd2 Nxe4 8. Bxb4 Nxb4 9. Bxf7+ Kxf7 10. Qb3+ d5 11. Qxb4 Re8 12. Ne5+ Rxe5 13. dxe5 Qg5 14. Rf1 Bg4 15. Nd2 Nxd2 16. Qxd2 Qxe5+ 17. Qe3 Qxb2 18. Qf4+ Kg8 19. Qxg4 Re8+ 0-1

[Event "ESP-ch U12"]
[Site "Salobrena Granada"]
[Date "2017.07.10"]
[Round "1"]
[White "Casado Alcoba, Alejandro"]
[Black "Zhou, Lulu"]
[Result "0-1"]
[WhiteElo "1358"]
[BlackElo "1929"]
[PlyCount "66"]
[EventDate "2017.07.10"]
[EventType "swiss"]
[EventRounds "9"]
[EventCountry "ESP"]
[SourceTitle "EXT 2024"]
[Source "ChessBase"]
[SourceDate "2023.10.10"]
[SourceVersion "1"]
[SourceVersionDate "2023.10.10"]
[SourceQuality "1"]

1. e4 e5 2. Nf3 Nc6 3. Bc4 Bc5 4. c3 Nf6 5. d4 exd4 6. cxd4 Bb4+ 7. Bd2 Bxd2+ 8. Nbxd2 d5 9. exd5 Nxd5 10. h3 0-0 11. 0-0 Nb6 12. Bb3 Nxd4 13. Nxd4 Qxd4 14. Qc2 c6 15. Rfd1 Qf6 16. Ne4 Qe7 17. Nd6 Be6 18. Bxe6 fxe6 19. Qc5 Nd5 20. Ne4 Rae8 21. Qxa7 Rf4 22. Nc3 Qb4 23. Nxd5 exd5 24. b3 Re2 25. Rf1 d4 26. Qb8+ Rf8 27. Qg3 Rd2 28. a3 Qc3 29. Qxc3 dxc3 30. Rad1 Re8 31. Rc1 c2 32. g3 Ree2 33. Kg2 Rd3 0-1